Endgame : the calling. #1/ James Frey and Nils ... Read More
Available copies
- 1 of 1 copy available at LARL/NWRL Consortium. (Show)
- 1 of 1 copy available at Lake Agassiz Regional Library.
Current holds
0 current holds with 1 total copy.
Show Only Available Copies
| Location | Call Number / Copy Notes | Barcode | Shelving Location | Status | Due Date |
|---|---|---|---|---|---|
| Moorhead Public Library | Y FRE (Text) | 33500012569281 | Main | Available | - |
Record details
- ISBN: 9780062332592
- ISBN: 9780062332585 (hardback)
- ISBN: 0062332589 (hardback)
- Physical Description: 465 pages ; 24 cm.
- Edition: First Edition.
- Publisher: New York : HarperCollins, an imprint of HarperCollinsPublishers, [2014]
Content descriptions
| Summary, etc.: | "Twelve teens who have prepared their entire lives ... Read More |
Search for related items by subject
| Genre: | Science fiction. Young adult fiction. |
Search for related items by series
| LDR | 02329cam a2200541 i 4500 | ||
|---|---|---|---|
| 001 | 173296 | ||
| 003 | LARL_NWRL_CONSORTIUM | ||
| 005 | 20170825200500.0 | ||
| 008 | 140505s2014 nyu d 000 1 eng | ||
| 019 | . | ‡a891926192 | |
| 020 | . | ‡a9780062332592 | |
| 020 | . | ‡a9780062332585 (hardback) | |
| 020 | . | ‡a0062332589 (hardback) | |
| 035 | . | ‡a(OCoLC)868644151 ‡z(OCoLC)891926192 | |
| 042 | . | ‡alcac ‡apcc | |
| 082 | 0 | 0. | ‡a[Fic] ‡223 |
| 084 | . | ‡aJUV001010 ‡aJUV001000 ‡aJUV053000 ‡2bisacsh | |
| 100 | 1 | . | ‡aFrey, James, ‡d1969- ‡eauthor. ‡0(LARL_NWRL_CONSORTIUM)133836 |
| 245 | 1 | 0. | ‡aEndgame : ‡bthe calling. ‡n#1/ ‡cJames Frey and Nils Johnson-Shelton. |
| 246 | 3 | 0. | ‡aCalling |
| 250 | . | ‡aFirst Edition. | |
| 260 | . | ‡aNew York : ‡bHarperCollins, an imprint of HarperCollinsPublishers, ‡c[2014] | |
| 300 | . | ‡a465 pages ; ‡c24 cm. | |
| 336 | . | ‡atext ‡2rdacontent | |
| 337 | . | ‡aunmediated ‡2rdamedia | |
| 338 | . | ‡avolume ‡2rdacarrier | |
| 490 | 0 | . | ‡aEndgame ; ‡v1 |
| 520 | . | ‡a"Twelve teens who have prepared their entire lives for an ancient life-or-death game must finally come to terms with its arrival, forming tenuous alliances and kiling each other for the chance to be the last one standing and the winner of the ultimate prize: the ability to save a select group of people from the end of the world"-- ‡cProvided by publisher. | |
| 650 | 1. | ‡aScience fiction. ‡0(LARL_NWRL_CONSORTIUM)30394 | |
| 650 | 1. | ‡aSurvival ‡vFiction. | |
| 650 | 1. | ‡aContests ‡vFiction. | |
| 650 | 7. | ‡aJUVENILE FICTION / Action & Adventure / Survival Stories. ‡2bisacsh | |
| 650 | 7. | ‡aJUVENILE FICTION / Action & Adventure / General. ‡2bisacsh | |
| 650 | 7. | ‡aJUVENILE FICTION / Science Fiction. ‡2bisacsh | |
| 650 | 0. | ‡aScience fiction, American. ‡0(LARL_NWRL_CONSORTIUM)30397 | |
| 650 | 0. | ‡aSurvival ‡vJuvenile fiction. | |
| 650 | 0. | ‡aContests ‡vJuvenile fiction. ‡0(LARL_NWRL_CONSORTIUM)171628 | |
| 655 | 7. | ‡aScience fiction. ‡2gsafd | |
| 655 | 0. | ‡aYoung adult fiction. | |
| 700 | 1 | . | ‡aJohnson-Shelton, Nils. ‡0(LARL_NWRL_CONSORTIUM)199400 |
| 901 | . | ‡a173296 ‡bOCLC ‡c173296 ‡tbiblio | |

Add to basket
Permalink
Enable Highlighting